01337nam a2200241 a 450000500170000000800410001702000180005805000240007610000450010024500840014525000120022926000510024152004760029265000280076865000400079665000090083665000170084565000550086265000120091794200080092999900190093795201390095620140414093850.0130302s19uu xx uuu eng d a9781906345600 aCDR 370.1bEXT 2011 aInternational Baccalaureate Organization a50 more excellent extended essays. /cInternational Baccalaureate Organization. a2nd ed. aUnited Kingdom :bIB Diploma Programme,c2011. aThis user-friendly DVD-ROM provides a collection of extended essays submitted for the International Baccalaureate (IB) Diploma Programme. All essays have been selected from across the "excellent" range, scoring 29-36 marks, assessed against current syllabus (first examiners to show a variety of approaches students can use to achieve success in the extended essays. We have included the majority of the 50 essays from the first edition and added some great new features. aBusiness and management aEnvironmental systems and societies aFilm aHuman rights aPeace and conflict studies (school-based syllabus) aTheatre cAVM c109821d109821 00104050aLUXbLUXcAVd2013-03-02eI.B Fundg65.00l1oCDR 370.1 EXT 2011pAV1514r2021-09-15 00:00:00s2021-09-13w2014-04-14yAVM